Normal view
MARC view
- SPSS for Windows.
Entry Uniform Title
001 - CONTROL NUMBER
- control field: 11341
003 - CONTROL NUMBER IDENTIFIER
- control field: NUST
005 - DATE AND TIME OF LATEST TRANSACTION
- control field: 20180702062508.0
008 - FIXED-LENGTH DATA ELEMENTS
- fixed length control field: 180702|| aca||aabn | a|a d
040 ## - CATALOGING SOURCE
- Original cataloging agency: NUST
- Transcribing agency: NUST
130 ## - HEADING--UNIFORM TITLE
- Uniform title: SPSS for Windows.
670 ## - SOURCE DATA FOUND
- Source citation: Work cat.: (NUST)2952: Field, Andy P. 11340, Discovering statistics using IBM SPSS statistics :, 2013
